Statistics for Countries Closest to Sri Lanka

Click here to take the quiz!

General Stats

  • This quiz has been taken 48 times
  • The average score is 18 of 20

Answer Stats

kmCountry% Correct
1India
100%
2360Laos
97%
1629Myanmar
97%
1955Nepal
97%
1628Bangladesh
95%
2108Bhutan
95%
2337Cambodia
95%
2646Afghanistan
92%
1874Pakistan
92%
1810Thailand
92%
2522Vietnam
92%
2150China
89%
1464Indonesia
89%
2570Iran
89%
1967Malaysia
87%
2494Singapore
87%
716Maldives
84%
2537Oman
71%
2795Yemen
71%
2898Saudi Arabia
68%

Score Distribution

Percentile by Number Answered

Percent of People with Each Score

Your Score History

You have not taken this quiz